| 000 | 01299cam a22003014a 4500 | ||
|---|---|---|---|
| 005 | 20260112063329.0 | ||
| 010 | _a2004-022908 | ||
| 020 | _a1412906423 (pbk.) | ||
| 035 | _a13736797 | ||
| 039 |
_a202206091410 _bstaff _c202206071115 _d staff _y 202206071106 _z staff |
||
| 050 |
_aH62 _b.V54 2005 |
||
| 082 |
_a001.42 _bVIS |
||
| 100 | _aViswanathan, Madhu. | ||
| 245 |
_aMeasurement error and research design / _cMadhu Viswanathan. |
||
| 260 |
_aThousand Oaks : _bSAGE Publications, _cc2005. |
||
| 300 |
_axxi, 434 p. : _bill. ; _c23 cm. |
||
| 504 | _aIncludes bibliographical references (p. 393-411) and index. | ||
| 650 |
_aSocial sciences _x Research _x Methodology. |
||
| 650 | _aMeasurement. | ||
| 856 |
_Table of contents only _u http://www.loc.gov/catdir/toc/ecip052/2004022908.html |
||
| 856 |
_Publisher description _u http://www.loc.gov/catdir/enhancements/fy0658/2004022908-d.html |
||
| 856 |
_Contributor biographical information _u http://www.loc.gov/catdir/enhancements/fy0734/2004022908-b.html |
||
| 906 |
_a7 _bcbc _corignew _d 1 _e ecip _f 20 _g y-gencatlg |
||
| 925 |
_aacquire _b2 shelf copies _x policy default |
||
| 991 | _aVIRTUA | ||
| 991 | _aVTLSSORT0080*0100*0200*0350*0500*0820*1000*2450*2600*3000*5040*6500*6501*8560*8561*8562*9060*9250*9992 | ||
| 909 | _a5863 | ||
| 999 |
_c5276 _d5276 |
||